000 00544nam a2200169 a 4500
001 5527
003 CO-ViMGA
008 141112s2004 ck r 000 u spa d
040 _aCO-ViMGA
_bspa
_cCO-ViMGA
082 0 4 _a664.9 H377i
100 1 _aHerrera Gutierrez, Javier
_93844
245 1 0 _aInspección e higiene de carnes /
_cHerrera Gutierrez Javier , Villamil Jimenez Luis Carlos
260 _aSantafé de Bogotá :
_bFondo Nacional Universitario,
_c1992
300 _a112 p
650 1 4 _aCARNE - CONTROL DE CALIDAD
_954864
942 _2ddc
_cBK
999 _c17512
_d17512